00386 2200145 4500001002100000005001500021035002000036245004200056100002800098300003000126260003600156082001200192084001800204650001800222INLIS00000000000127720241017074542 a0010-10240001261 aParis girl /cNadira Meutia Nasruddin0 aNadira Meutia Nasruddin a96 hlm. :bilus. ;c21 cm aBandung :bMizan Pustaka,c2016 a808.301 a808.301 NAD p 4aCerita pendek